|
|
|
|
| LEADER |
01524nam a2200337 4500 |
| 001 |
007660109-9 |
| 008 |
101031s1996 bg mr p g w 0 0eng d |
| 010 |
|
|
|a 96903298
|
| 040 |
|
|
|a DLC
|c DLC
|d HVL
|d BD-DhAAL
|
| 041 |
0 |
|
|a eng
|a ben
|
| 082 |
0 |
0 |
|a 348.5492/046
|
| 245 |
0 |
4 |
|a The mainstream law reports :
|b MLR : a monthly legal journal.
|n Volume I /
|c edited by Abu Hena Mohammad Mohsin.
|
| 246 |
3 |
0 |
|a MLR
|
| 260 |
|
|
|a Dhaka :
|b Shahanaj Khondaker,
|c 1996-
|
| 300 |
|
|
|a v. ;
|c 25 cm.
|
| 310 |
|
|
|a Monthly, with an annual cumulation
|
| 362 |
0 |
|
|a Vol. 1 (1996)-
|
| 500 |
|
|
|a Comprises four sections: Supreme Court of Bangladesh Appellate Division decisions, High Court Division decisions, Bangladesh statutes, and journal; each section paged separately, consecutively for the year.
|
| 500 |
|
|
|a Cumulated in an annual bound volume.
|
| 500 |
|
|
|a Latest issue consulted: Vol. 1, 1996
|
| 541 |
|
|
|e 00021010
|
| 546 |
|
|
|a In English; includes some text in Bengali.
|
| 650 |
|
0 |
|a Law reports, digests, etc.
|z Bangladesh.
|
| 650 |
|
0 |
|a Law
|z Bangladesh
|v Periodicals.
|
| 700 |
1 |
|
|a Mohsin, Abu Hena Mohammad.
|9 59441
|
| 710 |
1 |
|
|a Bangladesh.
|b Supreme Court.
|b High Court Division.
|9 3854
|
| 710 |
1 |
|
|a Bangladesh.
|b Supreme Court.
|b Appellate Division.
|9 3855
|
| 852 |
4 |
|
|a Ayesha Abed Library
|
| 942 |
|
|
|2 ddc
|c 1HOUR
|
| 999 |
|
|
|c 9964
|d 9964
|
| 952 |
|
|
|0 0
|1 0
|2 ddc
|4 0
|6 348_549204600000000_MAI_1996
|7 0
|9 12939
|a BRACUL
|b BRACUL
|c REF
|d 2010-10-31
|l 1
|o 348.5492046 MAI
|p 3010021010
|r 2011-11-10
|s 2011-11-09
|t 1
|w 2010-10-31
|y 1HOUR
|